[Event "FRA-chT4 0809"]
[Site "France "]
[Date "2009.02.08"]
[Round "5"]
[White "Lopez, Jacky"]
[Black "Prieur, Axel"]
[Result "0-1"]
[WhiteElo "1520"]
[BlackElo "1720"]
[PlyCount "54"]
[EventDate "2008.10.??"]
[EventType "team-tourn"]
[EventRounds "9"]
[EventCountry "FRA"]
[SourceTitle "EXT 2010"]
[Source "ChessBase"]
[SourceDate "2010.11.25"]
[SourceVersion "1"]
[SourceVersionDate "2010.11.25"]
[SourceQuality "1"]

1. d4 e6 2. c4 f5 3. Nc3 Nf6 4. Bg5 Be7 5. e3 0-0 6. Nf3 b6 7. Be2 Bb7 8. 0-0 Ne4 9. Bxe7 Qxe7 10. a3 d5 11. cxd5 exd5 12. Rc1 c6 13. Rc2 Nd7 14. Bd3 Rf6 15. Nh4 Raf8 16. Ne2 Rh6 17. Nf3 Ndf6 18. Ng3 Ng4 19. h3 Ngxf2 20. Rcxf2 Nxg3 21. Re1 Ne4 22. Rff1 g5 23. Ne5 g4 24. hxg4 Qh4 25. Bxe4 Qh2+ 26. Kf2 fxe4+ 27. Ke2 Qxg2+ 0-1